000 00623nam a2200229Ia 4500
003 OSt
005 20220918225340.0
006 a|||||r|||| 00| 0
007 ta
008 220917b |||||||| |||| 00| 0 eng d
024 _a240,134
037 _cTextual
040 _aARTS
_cARTS
_beng
041 _2eng
_aeng
082 _aW691.2, M7
100 _aSingh Chandrika
_9150255
245 0 _aCommunist and socialist movement in India
260 _aDelhi
_bMittal Publications India
_c1987
650 _aPOLITICAL SCIENCE
942 _hW691.2, M7
_cTEXL
_2CC
999 _c284404
_d284404